000 00369 a2200169 4500
001 185097
020 _a85-15-00686-3
040 _cMagnum
100 _aAlves, Rubem
240 1 0 _aLagartixas e dinossauros
_lpor
245 1 0 _aLagartixas e dinossauros
300 _a
362 0 _a1998
440 1 _aLoyola
697 _aLITERATURA INFANTO-JUVENIL
942 _cBK
999 _c185097
_d185097